Motivating bureaucracy / (Record no. 67543)

MARC details
000 -LEADER
fixed length control field 00401nam a22001457a 4500
005 - DATE AND TIME OF LATEST TRANSACTION
control field 20181004162507.0
020 ## - INTERNATIONAL STANDARD BOOK NUMBER
International Standard Book Number 0333937163
Terms of availability 295.00
035 ## - SYSTEM CONTROL NUMBER
System control number B-133121,B-133119
037 ## - SOURCE OF ACQUISITION
Stock number DPL
Source of stock number/acquisition ENG
100 ## - MAIN ENTRY--PERSONAL NAME
Personal name Babu, M. Sathya
245 ## - TITLE STATEMENT
Title Motivating bureaucracy /
Statement of responsibility, etc by M. Sathya Babu
260 ## - PUBLICATION, DISTRIBUTION, ETC. (IMPRINT)
Place of publication, distribution, etc Delhi
Name of publisher, distributor, etc Macmillan
Date of publication, distribution, etc 2002
300 ## - PHYSICAL DESCRIPTION
Extent xv, 175p.
Dimensions 20 cms.
942 ## - ADDED ENTRY ELEMENTS (KOHA)
Source of classification or shelving scheme Dewey Decimal Classification
Item type English Books
Classification part 351.1
Call number suffix SAT
Holdings
Withdrawn status Lost status Not for loan Collection code Home library Current library Date acquired Cost, normal purchase price Full call number Barcode Cost, replacement price Koha item type Source of acquisition
      Non-fiction Sarojini Nagar Sarojini Nagar 06/06/2012 295.00 351.1 SAT B-133121 295.00 English Books  
      Non-fiction Tri Nagar Tri Nagar 04/10/2018 295.00 351.1 SAT B-133119 295.00 English Books BPPD/PUB

© Delhi Public Library
Hit Counter
free hit counter